[Event "Tal Memorial "]
[Site "Moscow"]
[Date "2007.11.16"]
[Round "6"]
[White "GM Leko, Peter(HUN)"]
[Black "GM Mamedyarov, Shakhriyar(AZE)"]
[Result "1/2-1/2"]
[WhiteElo "2755"]
[BlackElo "2752"]
[Annotator "Ëåáåäåâ Âàñèëèé"]
[PlyCount "70"]
[EventDate "2007.11.16"]

1. e4 c5 2. Nf3 d6 3. d4 cxd4 4. Nxd4 Nf6 5. Nc3 a6 6. Be3 e6 7. g4 b5 ({
Àðãóìåíòû, ïðåäúÿâëåííûå Ñâèäëåðîì â íåäàâíåé ïàðòèè ñ ×åïàðèíîâûì íà
êîìàíäíîì ïåðâåíñòâî êîíòèíåíòà, ïîêàìåñò êàæóòñÿ èãðàþùèì ýòîò âàðèàíò ÷¸ðíûì
 äîâîëüíî óáåäèòåëüíûìè.} 7... h6 8. Bg2 e5 9. Nf5 g6 10. h3 gxf5 11. exf5
Nc6 12. Qe2 Qa5 13. O-O-O Bd7 14. f4 Rc8 15. Kb1 Nb4 16. a3 Rxc3 17. axb4 Qxb4
18. fxe5 Ba4 19. exf6 Bxc2+ 20. Qxc2 Rxc2 21. Kxc2 d5 22. Rxd5 Qa4+ 23. Kb1 Bb4
24. Bc5 Qb3 25. Re5+ Kd8 26. Bxb4 Qxb4 27. Rc1 {
(1-0 Svidler,P (2732) - Cheparinov,I (2670)/Crete GRE 2007).}) 8. g5 Nfd7 ({
Íàõîäèëèñü, øàõìàòèñòû (è íåïëîõèå øàõìàòèñòû!), êîòîðûå èãðàëè çäåñü} 8... b4
$6 9. gxf6 bxc3 10. fxg7 Bxg7 11. b3 Nd7 12. Rg1 Bf6 13. Qh5 Nc5 (13... Ne5 $5)
{è çäåñü õîäîì} 14. Bc4 $1 $16 {áåëûå â ïàðòèè Tseshkovsky,V (2530)-Dvoirys,S
(2310)/Sochi 1981 ìîãëè ïîëó÷èòü âíóøèòåëüíûé ïåðåâåñ.}) 9. a3 Bb7 10. Bd3 {
È Ïåòåð íà÷èíàåò çàìàíèâàòü ïðîòèâíèêà íà ìèííîå ïîëå ñâîèõ ñîáñòâåííûõ
äåáþòíûõ íàðàáîòîê.} ({Â 86 (!) ðàç ÷àùå äî ýòîãî áåëûå èçáèðàëè âìåñòî õîäà
â ïàðòèè îñòðåéøåå. Íó è, ðàç íà÷àâ ïðèâîäèòü ê êà÷åñòâå ïðèìåðà ïàðòèè
Ïåòðà Âåëèêîãî ;), îñòàíîâèòüñÿ áûâàåò óæå òðóäíî -} 10. h4 Nb6 11. h5 N8d7 12.
g6 hxg6 13. hxg6 Rxh1 14. gxf7+ Kxf7 (14... Ke7 15. Qg4 $18) 15. Qf3+ Nf6 16.
Qxh1 Qc7 17. Nf3 Kg8 18. Ng5 Re8 19. O-O-O d5 20. Qh3 Bc8 21. Bxb5 $1 {
(1-0 Svidler,P (2650) - Nepomnishay,M (2480)/St Petersburg 1996). Íî òàêàÿ
èãðà - ÿâíî íå êîí¸ì Ëåêî.}) (10. h4) 10... Nc6 $146 {Âïîëíå ëîãè÷íàÿ íîâèíêà.
} (10... Nb6 $145 11. Qe2 N8d7 12. f4 e5 13. Nb3 Na4 14. Nxa4 bxa4 15. Nd2 Be7
16. O-O-O exf4 17. Bxf4 O-O 18. Nf3 Qc7 19. Bc4 Ne5 20. Bd5 Rab8 21. Ba2 Bc6
22. Rd4 Bb5 23. Qe3 Nxf3 24. Qxf3 Qb6 25. Qe3 Bc6 26. Qc3 Rfc8 27. Rc4 Bd7 28.
Be3 Qb5 29. Qd4 Bxg5 30. Rxc8+ Rxc8 31. Bxg5 Qxg5+ 32. Kb1 Qg2 33. Rg1 Qxc2+
34. Ka1 g6 35. Qf6 Be8 36. Rf1 Qxe4 37. Bxf7+ Bxf7 38. Qxf7+ Kh8 39. Qf6+ Kg8
40. Qf7+ Kh8 41. Qf6+ Kg8 42. Qf7+ {
(1/2 Colovic,A (2416) - Lacasa Diaz,J (2290)/Sitges 2001).}) 11. Nxc6 Bxc6 12.
Qe2 g6 ({Íà «ñîñåäíåå»} 12... h6 $5 {
, äóìàåòñÿ íàäî îòâå÷àòü ïðÿìûì â ïå÷åíü} 13. g6 $1 $36 ({à âîò} 13. gxh6 {
êàæåòñÿ ìíå íå ñòîëü ñèëüíûì ââèäó} g6 $1 14. Qd2 $140 Qh4 {è ò.ä.})) 13. Bd4 {
Èíà÷å ñëîí ÷¸ðíûõ ñ êîìôîðòîì âûïîëçåò íà g7 è íà÷í¸ò «îáçèðàòü» îêðåñòíîñòè
 ñâîèì ñòðîãèì, ãóôåëüäîâñêèì, âçîðîì.} e5 14. Be3 h6 $1 15. Qd2 {Ãì-ì. ß, êîíå÷íî,
  ñîâñåì íå âåëèêèé èãðîê, íî âûãëÿäèò ýòîò õîä êàê-òî íå ïî-ñèöèëèàíñêè.
Êàêèì-òî, ÿ áû  äàæå  ñêàçàë, «êðîõîáîðñêèì».} ({
Íàäî ëè áûëî áîÿòüñÿ ïîòåðè ýòîé ïåøêè?} 15. O-O-O $5 hxg5 16. Kb1 $1 {
, ïî-ìîåìó, ó áåëûõ íåïëîõèå øàíñû, ïî êðàéíåé ìåðå, «çàèíèöèàòèâèòü».})
15... Nc5 $1 16. h4 (16. gxh6 Qh4 $36) 16... hxg5 17. Bxg5 Be7 $6 {
Òàê-òàê. À íå óïóñòèëè ëè çäåñü ÷¸ðíûå âîçìîæíîñòü ïåðåõâàòà?} ({Ñìîòðèì} 
17... Nxd3+ $1 {È íå ïðîõîäèò} 18. Qxd3 $2 {ââèäó} Qxg5 $1 19. hxg5 Rxh1+ 20.
Kd2 Rxa1 {Ýòî-òî ïîíÿòíî. À âîò â îòâåò íà} 21. Nd5 {ñèëüíåå âñåãî} Be7 $1 22.
Nc7+ $140 Kd7 23. Nxa8 Bxg5+ 24. Kc3 Bxa8 {è îäèí ôåðçü â ïîëå íå âîèí.}) ({
Çíà÷èò, ïîñëå} 17... Nxd3+ {íàäî èãðàòü} 18. cxd3 {
íà ÷òî òðåáóåò ðàññìîòðåíèÿ} f6 $1 19. Be3 d5 $1 {
È ðàçâå ó ÷¸ðíûõ íå ëó÷øå? Âåäü áåëûå îáðå÷åíû ïðîäîëæàòü} 20. Nxd5 {
(ãðîçèëà âèëêà d5-d4)} ({íå ëó÷øå è} 20. d4 exd4 21. Bxd4 dxe4 {è ò.ä.}) 20...
Bxd5 21. exd5 Qxd5 {
Ãì-ì... ß áû çäåñü çà áåëûõ èãðàòü íå ñòàë íè çà êàêèå êîâðèæêè.}) 18. O-O-O ({
Ëþáîïûòíî} 18. Be3 $5 {ñ íåñáûòî÷íîé íà ñòîëü âûñîêîì óðîâíå ìå÷òîé -} Bxh4
$6 (18... Qb8 $142 $5 {ñ ïîíÿòíî êàêèìè èäåÿìè, îñîáåííî ÿñíûìè ïîñëå òîãî,
êàê ïðîòèâíèê ñûãðàåò 0-0-0}) 19. Bg5 Nxd3+ $1 ({ñîâñåì ïëîõî} 19... Qxg5 20.
Qxg5 Bxg5 21. Rxh8+ {è ò.ä.}) 20. cxd3 f6 21. Rxh4 Kf7 $1 22. Rc1 $1 fxg5 23.
Rxh8 Qxh8 24. Qxg5 {è ò.ä.}) 18... Ne6 ({Îïÿòü íàïðàøèâàëñÿ óäàð íà d3} 18...
Nxd3+ {È ñìîòðèì, ÷òî áóäåò äàëüøå:} 19. Qxd3 ({ñëàáåå} 19. cxd3 a5 $1 $40)
19... Bxg5+ 20. hxg5 Qxg5+ 21. Kb1 Rxh1 ({êîíå÷íî, íå} 21... O-O-O $2 22. Rxh8
Rxh8 23. Qxd6 $16 {, åñëè íå áîëüøå}) 22. Rxh1 Ke7 23. Nd5+ Bxd5 24. Qxd5 {
Äóìàþ, ÷òî äîéäÿ ïðèìåðíî äîñþäà â ñâîèõ ïðåäâàðèòåëüíûõ ðàñ÷¸òàõ Øàõðèÿð
èõ è ïðåêðàòèë. Íó, à ÿ åù¸ íåìíîãî ïîàíàëèçèðóþ -} Ra7 $5 25. Qc6 Qg2 26. Rd1
({ñëàáåå} 26. Rh8 Qf1+ 27. Ka2 Qc4+ {
- ôåðçè ðàçìåíèâàþòñÿ, ëèøíÿÿ ïåøêà îñòà¸òñÿ}) 26... Rd7 27. Qxa6 Qf3 $1 28.
Rc1 Qxe4 29. Qxb5 Rc7 {, è ïîëó÷èëàñü àáñîëþòíî íåÿñíàÿ ïîçèöèÿ.}) 19. Bxe7 {
À âîò òåïåðü, ïî-ìîåìó, è Ïåòåð èãðàåò íå ëó÷øèì îáðàçîì.} ({
Íàâåðíîå, íàäî áû ëåçòü íà ñëàáîå ïîëå âñåìè ÷åòûðüìÿ êîïûòàìè -} 19. Nd5 $1
Bxd5 $140 ({èëè} 19... Nxg5 20. hxg5 Rxh1 21. Rxh1 Kd7 {(ïðèõîäèòñÿ)} 22. Nxe7
Qxe7 23. Rh7 $14) 20. exd5 Nxg5 (20... Nc5 21. Be2 $1 $14) 21. hxg5 Rxh1 ({
íåëüçÿ} 21... Bxg5 $4 22. Rxh8+ {, è áåëûå ïîáåæäàþò}) 22. Rxh1 Kd7 23. Kb1
Bxg5 24. Qb4 {(èäåè à2-à4, ñ2-ñ4), è õî÷åòñÿ áðÿêíóòü ÷òî-íèáóäü óìíîå ïðî
«ðàçíîöâåò», óñèëèâàþùèé àòàêó. Íî, äóìàþ, ÷òî â ëþáîì ñëó÷àå
êîìïåíñàöèÿ ó áåëûõ èìååòñÿ.} {
(âîò è êîîïåðàòèâíûé, èëëþñòðàòèâíûé âàðèàíòèê «íàðèñîâàëñÿ»:} Bf4 $2 25.
Bxg6 $1 fxg6 $4 26. Rh7+ Kc8 27. Qc3+ Kb8 28. Qh3 $1 $18 {).}) 19... Qxe7 20.
Be2 Nf4 {, íà÷èíàÿ áîëüøèå óïðîùåíèÿ.} ({Èíòóèòèâíî ÷óâñòâóåòñÿ, ÷òî ïåøêà
íà h4 «îòðàâëåíà». Íî äàâàéòå ðàçáåð¸ìñÿ -} 20... Rxh4 $6 21. Rxh4 Qxh4 22.
Qxd6 Bxe4 23. Nxe4 ({èëè} 23. f3 {, ïîñëå ÷åãî ïîëó÷àåòñÿ ïðèìåðíî òàêîé æå
ýíäøïèëü, ÷òî è  â ñîñåäíåì âàðèàíòå -} Rd8 24. Qxa6 Rxd1+ 25. Bxd1 Qf4+ 26.
Kb1 Bxf3 27. Bxf3 Qxf3 {Ïðàâäà, çäåñü äîâåñêîì ê ôåðçþ îñòà¸òñÿ êîíü.} 28.
Qxb5+ Ke7 29. Qxe5 {è ò.ä.}) 23... Qxe4 24. Bd3 Qf4+ ({òîëüêî òàê; ïëîõî} 24...
Qf3 25. Bxg6 $1 $18) 25. Kb1 Rd8 ({è ñíîâà åäèíñòâåííîå;} 25... Qxf2 26. Bxg6
$1 $18) 26. Qxa6 Ke7 27. Qxb5 e4 28. Qb4+ Kf6 29. Be2 Rxd1+ 30. Bxd1 Qxf2 31.
Qxe4 {- òóò è áåëûå ïåøêè âûãëÿäÿò ïîøóñòðåå ñâîèõ âèçàâè, è ñëîí, êàê âñåì
èçâåñòíî, ñèëüíåå êîíÿ â èãðå íà îáà ôëàíãà. À òî, ÷òî èìåííî òàêàÿ âñêîðå è
çàâÿæåòñÿ, ñîìíåâàòüñÿ íå ïðèõîäèòñÿ.}) 21. Qxd6 Nxe2+ 22. Nxe2 Bxe4 23. Rhe1
Qxd6 {Ðàçìåíû íà êîíâåéåðå, ðàçìåíû íà ïîòîêå...} 24. Rxd6 Ke7 25. Rb6 Rxh4 {
Ëèøíÿÿ ïåøêà? Ýòî íåíàäîëãî.} 26. Ng3 Bg2 27. Rxe5+ Kf8 28. Rf6 Kg7 ({
Âðîäå, õèòðåå áûëî} 28... Ra7 $5 29. Kd2 $140 ({åñëè, êàê â ïàðòèè,} 29. Rd6 {
, òî} Rf4 30. Re2 Bf3 (30... a5 $5) 31. Re3 Bg4 32. Re4 Rxe4 33. Nxe4 Re7 34.
Nc3 (34. Ng3 $4 Re1+ 35. Kd2 Rd1+) 34... Re6 35. Rxe6 Bxe6 {
, è, âñ¸-òàêè, (ÈÌÕÎ) ÷¸ðíûå ñîõðàíÿþò ìèêðîïåðåâåñèê.}) 29... Rd7+ 30. Ke3 Bb7
31. Rb6 Kg7 {, íà÷èíàÿ ãîòîâèòü äâèæåíèå ïåøåê íà êîðîëåâñêîì ôëàíãå.}) 29.
Rd6 Bh3 ({Òåïåðü} 29... Rf4 {íàòàëêèâàåòñÿ íà} 30. Nh5+ $1 gxh5 31. Rg5+ Kf8
32. Rxg2 $11 {Íî, áûòü ìîæåò, òàê è ñëåäîâàëî èãðàòü?}) 30. Kd2 {
Êîðîëü áåëûõ áîäðî ìàðøèðóåò â öåíòð.} Be6 31. Ke3 b4 {Ñêîðî ñîâñåì íè÷åãî íà
äîñêå íå îñòàíåòñÿ, íî ïî õîäó äåëà âîçíèêàåò îäíî «íî»...} ({Åñëè} 31... Kf6
{, òî} 32. Rc5 Ke7 33. Rb6 Ra7 34. Rcc6 $36) 32. Re4 Rxe4+ 33. Nxe4 bxa3 34.
bxa3 Rc8 {
Åñòü ïîäîçðåíèå, ÷òî ìàÿòíèê ñóäüáû îïÿòü êà÷íóëñÿ â áåëóþ ñòîðîíó.} (34...
a5 $5) 35. Rxa6 Rxc2 ({Êàê-òî íå ïîõîæå íà Ëåêî. Âçÿòü è âîò òàê çàïðîñòî
«îòïóñòèòü ïîãóëÿòü» ñîïåðíèêà. Â åãî ñòèëå áûëî áû ñäåëàòü ïîñëå} 35... Rxc2
36. a4 {ïàðî÷êó-òðîå÷êó äåñÿòêîâ õîäîâ...}) 1/2-1/2

[Event "Tal Memorial"]
[Site "Moscow"]
[Date "2007.11.16"]
[Round "6"]
[White "GM Gelfand,Boris(ISR)"]
[Black "GM Ivanchuk, Vassily(UKR)"]
[Result "1/2-1/2"]
[WhiteElo "2736"]
[BlackElo "2787"]
[Annotator "Ëåáåäåâ Âàñèëèé"]
[PlyCount "72"]
[EventDate "2007.11.16"]

1. Nf3 d5 2. d4 c6 3. c4 e6 4. e3 f5 5. Be2 Nf6 6. O-O Bd6 7. Ne5 Nbd7 8. f4
Ne4 9. Nd2 ({ßðêèì óäàðîì çàâåðøèëîñü äåëî â ñëåäóþùåé ïàðòèè -} 9. Bf3 Ndf6
10. Bxe4 dxe4 11. Bd2 Qc7 12. b4 b6 13. Qa4 Bd7 14. c5 Bxe5 15. dxe5 Nd5 16.
Na3 O-O 17. Qc2 b5 18. Qb3 Qd8 19. Nc2 Qe7 20. Nd4 a5 21. a3 a4 22. Qd1 g5 23.
g3 Rf7 24. Qe2 Rg7 25. Kh1 g4 26. Kg2 Be8 27. Rh1 Qd7 28. Kf2 Rd8 29. Rag1 Bh5
30. h4 $4 {Êîíîïàòèëè áåëûå ïîçèöèþ, êîíîïàòèëè. Äà ïåðåêîíîïàòèëè...} Nxf4 $1
31. exf4 (31. gxf4 g3+) 31... Qxd4+ 32. Be3 Qc3 33. Qa2 $4 ({
âîçìîæíîñòü äëÿ ñîïðîòèâëåíèÿ îñòàâëÿëî òîëüêî} 33. Ra1 $5 {è äàëåå} Rd3 34.
Rhc1 Qb3 35. Rcb1 Qd5 36. Rb2 Rd7 37. Raa2 {, è ÷¸ðíûì íàäî èçûñêèâàòü ñïîñîá
ïðîëàìûâàíèÿ îáîðîíû ïðîòèâíèêà, íî «óâåðåííîñòè, ÷òî ÷¸ðíûå ìîãóò ïðîáèòü
ýòó êðåïîñòü, ó ìåíÿ íåò íèêàêîé» (foreveryoung).}) 33... Rgd7 {
(0-1 Keller,H - Opocensky,K/Vienna 1947).}) ({
À âîò âåñüìà âåñ¸ëåíüêàÿ äðåâíîñòü -} 9. Nc3 O-O 10. Nxe4 fxe4 11. c5 Bxe5 12.
fxe5 Rxf1+ 13. Bxf1 b6 14. b4 a5 15. Qg4 Nf8 16. Bd2 axb4 17. Bxb4 b5 18. a3
Ng6 19. Be1 Bd7 20. h4 Qf8 21. Ra2 Ne7 22. Rf2 Nf5 23. Bb4 Qe7 24. Qf4 Qxh4 25.
g4 $4 g5 $19 26. Qh2 Qxh2+ 27. Rxh2 Nxe3 28. Rh5 Be8 29. Rh6 Bg6 30. Bd2 Rxa3
31. Rh3 Nc4 32. Rxa3 Nxa3 33. Be2 Nc2 34. Bxg5 Nxd4 35. Bd1 b4 36. Bd2 b3 37.
Bc3 Nc2 38. Kf2 d4 39. Bxc2 bxc2 40. Bb2 e3+ 41. Ke2 Kf7 {
(0-1 Albin,A - Pillsbury,H/New York 1893).}) 9... Ndf6 $146 ({Ïîñëå} 9... O-O
10. Nxe4 fxe4 {ïàðòèÿ ìîãëà ñâåðíóòü íà çàåçæåííûå äîðîæêè. Íî Èâàí÷óê èãðàåò
åù¸ «æåëåçîáåòîííåå».}) 10. Nxe4 Nxe4 11. Bd2 ({Ëþáîïûòíî áûëî áû âûÿñíèòü
(íà ïðèìåðå ãðîññìåéñòåðñêîé ïàðòèè), ÷òî çäåñü òàêîå} 11. Bh5+ $5 {
ñ èäååé çàñòàâèòü ÷¸ðíûõ äâèíóòü âïåð¸ä ïåøêó} g6 {
- òîíêîñòü èëè ãëóïîñòü è ïîòåðÿ òåìïà?}) {Â îáùåì, òàê. Ïàðòèÿ Êàìñêèé -
ßêîâåíêî çîâ¸ò è ìàíèò. Ïîýòîìó, â äàëüíåéøåì, ÿ áóäó êðàòîê.} 11... O-O 12. Rc1
Bd7 13. Be1 a5 14. Bd3 Be8 15. Bxe4 dxe4 16. Bc3 Qe7 17. Qd2 b6 18. Qc2 Bxe5
19. dxe5 Bh5 20. Qb3 Ra6 $5 {Õèòðî ñûãðàíî.} ({Åñëè} 20... Rab8 {, òî} 21. c5
$5 Qxc5 (21... bxc5 22. Qa3) 22. Bd4 ({ñëàáî} 22. Qxe6+ {èç-çà} Bf7 23. Qd7 (
23. Qxf5 $2 Qxe3+ 24. Kh1 Bc4) 23... Qxe3+ {è ò.ä.}) 22... Qd5 23. Qxd5 cxd5
24. Rc6 {- áåëûå äàâÿò, «èíèöèàòèâÿò», äà è ïåøêó ïðè æåëàíèè îòûãðûâàþò}) (
{Íî ëþáîïûòíî} 20... Rfb8 21. c5 $140 a4 $1) 21. Rf2 Rd8 22. Rd2 Rxd2 23. Bxd2
Be2 ({Âðîäå áû íè÷åãî íå ïîëó÷àåòñÿ ó ÷¸ðíûõ è ïîñëå} 23... Qd8 $5 {
ñ èäååé çàõâàòèòü ëèíèþ «d». Ïðàâäà, áåëûå äîëæíû áûòü òî÷íû -} 24. Be1 $1
a4 ({íî íå} 24... Ra7 25. c5 $1) (24... Kf7 $5) 25. Qb4 c5 ({è îïÿòü ñëàáî} 
25... Ra7 26. Qd6 $1 Qxd6 27. exd6 Rd7 28. c5 bxc5 29. Rxc5 Rxd6 30. Bc3 {
è ò.ä.}) 26. Qd2 (26. Qb5 $4 Qc8 $19 {, èáî Be8 íåîòâðàòèìî}) 26... Ra8 27. Rc2
{è íè÷åãî òóò, ïî-ìîåìó, ÷¸ðíûå íå äîñòèãàþò.}) 24. a4 h6 (24... Qd7 $5) 25.
c5 $1 b5 26. axb5 Bxb5 27. Bc3 a4 28. Qb4 {Îñòàëîñü åù¸ îäíó ïåøå÷êó
ïîñòàâèòü íà ÷åðíóþ êëåòî÷êó (g3) è áóäåò ó áåëûå äîñòèãíóò ïîëíîé ãàðìîíèè
ñ îêðóæàþùèì ìèðîì. ;)} Kh7 29. Rd1 Bd3 30. Ra1 Bc2 31. Qc4 Ra7 32. Bd4 Bd3
33. Qb4 Bb5 34. b3 {Êàê ãîâîðèòñÿ, îôîðìëÿÿ ðåçóëüòàò.} axb3 35. Rxa7 Qxa7 36.
Qxb3 Qa4 1/2-1/2

[Event "Tal Memorial"]
[Site "Moscow"]
[Date "2007.11.16"]
[Round "6"]
[White "GM Kamsky, Gata(USA)"]
[Black "GM Jakovenko, Dmitry(RUS)"]
[Result "0-1"]
[WhiteElo "2724"]
[BlackElo "2710"]
[Annotator "Ëåáåäåâ Âàñèëèé"]
[PlyCount "180"]
[EventDate "2007.11.16"]

1. e4 e5 2. Nf3 Nc6 3. Bb5 a6 4. Ba4 Nf6 5. O-O Be7 6. Re1 b5 7. Bb3 d6 {
Íåò, íå Ìàðøàëë...} 8. c3 O-O ({È íå «ïîëüñêèé» Ìàðøàëë -} 8... Na5 9. Bc2 d5
$5) 9. h3 {Âàðèàíò Ñìûñëîâà. È ïðîñòî ïîäîæä¸ì, êîãäà çàêîí÷èòñÿ òåîðèÿ, ïî
õîäó äåëà «âñïîìèíàÿ» ðàçíûå êðàñèâîñòè.} Re8 10. d4 Bb7 11. Nbd2 Bf8 12. a3
(12. a4 h6 13. Bc2 exd4 14. cxd4 Nb4 15. Bb1 bxa4 16. Rxa4 a5 17. Ra3 Ra6 18.
Nh2 g6 19. f3 $1 {«Áîìáà» 90-ãî ãîäà...} Qd7 20. Nc4 Qb5 21. Rc3 Bc8 22. Be3
Kh7 23. Qc1 c6 24. Ng4 Ng8 25. Bxh6 Bxh6 26. Nxh6 Nxh6 27. Nxd6 Qb6 28. Nxe8
Qxd4+ 29. Kh1 Qd8 30. Rd1 Qxe8 31. Qg5 Ra7 32. Rd8 Qe6 33. f4 Ba6 34. f5 Qe7
35. Qd2 Qe5 36. Qf2 Qe7 37. Qd4 Ng8 38. e5 Nd5 39. fxg6+ fxg6 40. Rxc6 Qxd8 41.
Qxa7+ Nde7 42. Rxa6 Qd1+ 43. Qg1 Qd2 44. Qf1 {
(1-0 Kasparov,G (2800) - Karpov,A (2730)/Lyon/New York 1990/).}) 12... h6 13.
Ba2 {Áîëåå ïîïóëÿðíî îòñòóïëåíèå ñëîíîì íà ñ2} Nb8 {
Èäåè Áðåéåðà æèâóò! È äàæå ïîáåæäàþò!} 14. Qb3 $5 {Õèòðîóìíûé õîä! ÷¸ðíûé
ôåðçü çàâëåêàåòñÿ íà d7, è êîíþ ñ b8 ïîêà íåêóäà ñêàêàòü äàëüøå.} Qd7 (14...
Qe7 15. a4 $1) 15. Qc2 ({Òåïåðü} 15. a4 {íå ñòîëü óæ è ñèëüíî -} exd4 16. cxd4
Nxe4 {è ò.ä.}) 15... c5 {Ïîêà èä¸ì â òåîðåòè÷åñêîì ôàðâàòåðå.} 16. d5 c4 17.
b3 cxb3 18. Bxb3 Qc7 19. c4 Rc8 $146 {Çàòåâàÿ äî íåâîçìîæíîñòè ñëîæíóþ áîðüáó.
} ({Âåëèêèé Ïåòðîâè÷ - ãðîçà ÷åìïèîíîâ â ïàðòèè-ïåðâîèñòî÷íèêå ñíà÷àëà
ïåðåâ¸ë èãðó â ýíäøïèëü -} 19... Nbd7 20. cxb5 Qxc2 21. Bxc2 axb5 22. Rb1 {
, à çàòåì ïîæåðòâîâàë ïåøêó -} Nc5 $1 {
è ïîñëå «íåïðèíöèïèàëüíîãî» îòâåòà çàõâàòèë èíèöèàòèâó -} 23. Nb3 Na4 24. Bd2
Rec8 {À ñàì, äîæäàâøèñü îøèáêè} 25. Rbc1 $6 {, îò ïåøêè íå îòêàçàëñÿ} Nc3 $1
26. Bb1 Nxb1 27. Rxb1 Rxa3 {, è ïîñòåïåííî äîâ¸ë äåëî äî ïîáåäû - 0-1
Beliavsky,A (2545) - Geller,E (2590)/Lvov 1978 (67).} 28. Na5 Ba6) 20. a4 Nbd7
{âñ¸ òîò æå êóðñ íà îñëîæíåíèÿ.} ({Ñíÿòèå íàïðÿæåíèÿ ïóò¸ì} 20... b4 $5 {
òîæå, íà ìîé âçãëÿä áûëî ëþáîïûòíî:} 21. a5 {Äîïóñêàòü ïîäêðåïëåíèå ÷¸ðíîé
ïåøêè b4 ïóò¸ì à5-à6, êîíå÷íî, íå ðåêîìåíäóåòñÿ.} Nbd7) 21. Ba3 Qa5 $5 {
Îïÿòü! Ñèëüíåéøàÿ ôèãóðà ïîñûëàåòñÿ â ñàìóþ ãóùó ñîáûòèé!} 22. Nf1 ({
È áåëûå äîëæíû òåïåðü ñ÷èòàòü õîðîøî èëè ïëîõî èì áóäåò áåç êà÷åñòâà} 22.
axb5 axb5 23. Bxd6 Qxa1 $1 24. Bxf8 bxc4 $1 25. Nxc4 Qa6 26. Be7 {
Âèäèìî, Êàìñêèé ïîñ÷èòàë, ÷òî íå î÷åíü...}) 22... bxc4 {Îäíî èç íåïèñàííûõ
øàõìàò ïðàâèë ãëàñèò, ÷òî òîò, êòî ïåðâûì ñíèìàåò ïåøå÷íîå íàïðÿæåíèå,
ïîëó÷àåò õóæå. Âèäèìî, èìåííî òóò ýòî ïðàâèëî è äåéñòâóåò} (22... Qb6 $5) 23.
Bxc4 Nb6 {È ÷¸ðíûå íå ïðîñòî íà÷èíàþò «âÿçàòü» âñåõ ïîäðÿä...} 24. N1d2 {
... îíè åù¸ è ïåøêó ëîïàþò!} Qxa4 (24... Rab8 $5) 25. Qxa4 Nxa4 {
Íà ÷òî áåëûå îòâå÷àþò çàõâàòîì áðîøåííîé ñîïåðíèêîì èíèöèàòèâû.} 26. Reb1 $1
Rc7 ({Åñëè} 26... Rab8 $2 {, òî ïóò¸ì} 27. Rxb7 $1 ({íå ñòîëü ñèëüíî} 27. Bxd6
$6 {ââèäó} Bxd6 28. Rxa4 {è òåïåðü} Nd7 $1 29. Bxa6 Bxa6 30. Rxa6 ({íî íå} 30.
Rxb8 $4 Nxb8 $19) 30... Rxb1+ 31. Nxb1 Rc1+ 32. Kh2 Bc5 33. Nbd2 Bxf2 {è ò.ä.})
27... Rxb7 28. Bxa6 Rbb8 29. Bxc8 Rxc8 30. Bxd6 $1 {âûèãðûâàåòñÿ ïåøêà.}) 27.
Bxd6 $1 Bxd6 28. Rxa4 a5 ({Óõîäèòü â ïîëíûé ïàññèâ ïîñðåäñòâîì} 28... Nd7 29.
Be2 Ra7 {ëþäè-øàõìàòèñòû î÷åíü íå ëþáÿò. Èì êîíòðèãðó ïîäàâàé!}) 29. Rb6 $1
{Èíòåðåñíàÿ èäåÿ. Íî âîò å¸ îôîðìëåíèå «ñëåãêà» ïîäêà÷àëî.} (29. Bd3 $5 Bb4
30. Nc4 Nd7 31. Ncxe5 Nc5 32. Raa1 Rd8 33. Rd1) 29... Bc5 30. Rb5 Bb4 31. Raxb4
$1 axb4 32. d6 $5 {Æ¸ñòêî îòñåêàÿ âñå îñòàëüíûå ñîáëàçíû.} ({Êàê-òî} 32. Nxe5
$5) ({èëè} 32. Rxb4 $5) 32... Rd7 33. Rxb4 ({Ïîñëå} 33. Nxe5 {
(óæ âî âñÿêîì ñëó÷àå!) áîðüáà ìîãëà èäòè òîëüêî íà äâà ðåçóëüòàòà:} Rxd6 34.
Bxf7+ Kh8 ({èëè} 34... Kh7 35. Rxb4) 35. Rxb7 Rxd2 36. Rxb4 {
- â îáîèõ ñëó÷àÿõ ÷¸ðíûõ æäàëà òðóäíàÿ è äîëãàÿ çàùèòà.}) 33... Ra7 34. Rb6
Ne8 (34... Bxe4 35. Nxe5 Rd8 36. Nxe4 Nxe4 37. d7 Raxd7 38. Nxd7 Rxd7 $11) 35.
Bxf7+ $2 {Îøèáî÷íàÿ êîìáèíàöèÿ.} ({Ïîñëå} 35. Nxe5 Rxd6 36. Bxf7+ Kf8 37. Rb2
{âîçíèêàëà âåñüìà èãðîâàÿ ïîçèöèÿ, íî äóìàåòñÿ, ÷òî èãðàòü å¸ áîëüøèíñòâî
ïðåäïî÷ëè áû áåëûìè.}) 35... Rxf7 36. Nxe5 Nxd6 $1 {Â ýòîì âñ¸ äåëî!} 37. Rxd6
$2 ({Áåç ôèãóðû (â ñëó÷àå} 37. Nxf7 Nxf7 {) èãðàòü òîæå áûëî áû òÿæåëî, íî,
íàâåðíîå, âñ¸ æå, áûëî áîëåå ïðàâèëüíûì ðåøåíèåì.}) 37... Ra1+ 38. Kh2 Rxf2 {
Â ëèíèè îáîðîíû áåëûõ ïðîáèòà áðåøü, ÷òî, â êîíöå êîíöîâ, è ñêàæåòñÿ íà
ðåçóëüòàòå} 39. Kg3 Rf8 40. Rd7 Ra3+ {
Íó, à äàëüøå ìû ïîñëóøàåì, ÷òî ñêàæåò íàø ñïåöèàëèñò ïî ýíäøïèëþ, Krey.} 41.
Nef3 Ba8 42. h4 Ra4 43. Nd4 Ra3+ 44. N4f3 Bc6 45. Rd6 Bb5 46. Kf2 Be8 47. Rd5
Rc3 48. Ra5 Bc6 49. Ra7 Rd3 50. Kg3 Rfd8 51. Ra2 Be8 52. Nf1 Bg6 53. Re2 Re8
54. Kf4 Rf8+ 55. Kg3 Rc3 56. Re1 Ra3 57. Kg4 Ra2 58. N1d2 Rd8 59. Re2 Be8 60.
Rf2 Bc6 61. Kg3 Rd3 62. Re2 Be8 63. Rf2 Bg6 64. Kg4 Rc2 65. Kg3 Ra3 66. Kf4
Raa2 67. g4 Be8 68. Rh2 Rc7 69. Ne5 Rcc2 70. Nef3 Ra6 71. g5 Bh5 72. Nd4 Rc8
73. gxh6 Rf8+ 74. Kg5 Ra5+ 75. Nf5 g6 76. Rf2 gxf5 77. exf5 Bf7 78. Ne4 Ra2 79.
Rf1 Rg2+ 80. Kf4 Bg6 81. Ng3 Bh7 82. h5 Kh8 83. Rf3 Ra2 84. Ke5 Re8+ 85. Kf6
Ra6+ 86. Kg5 Rg8+ 87. Kf4 Rxh6 88. Ne4 Rxh5 89. Nd6 Rf8 90. Ke5 Rh1 0-1